000 00506 a2200169 4500
999 _c41812
_d41812
003 OSt
005 20221114110610.0
008 221114b ||||| |||| 00| 0 eng d
020 _a9788125914495
040 _coclc
082 _a658.802
_bGAU/E
100 _91097
_aGaur, Sanjaya Singh
245 _aEvent marketing and management /
_cSanjaya Singh Gaur
260 _aNoida:
_bVikas publishing house,
_c2021.
300 _a243 p
942 _2ddc
_cBK
_h658.802
_iGAU/E
_k658.802
_mGAU/E